| 000 | 00417cam a2200181ua 4500 | ||
|---|---|---|---|
| 001 | 8736 | ||
| 008 | 150213n xxk |||gr||||Z||||||eng | ||
| 040 | _cMAIN | ||
| 041 | _aeng | ||
| 082 | _a425 | ||
| 100 |
_aWaldhorn, A., _eAuthor. |
||
| 245 | 1 |
_aEnglish : _bMade simple / _cBy A. Waldhorn . |
|
| 250 | _a1st. | ||
| 260 |
_aLondon: _bDonald, _c1967. |
||
| 300 | _a264p. | ||
| 653 | _aEnglish grammar | ||
| 942 | _cBK | ||
| 999 |
_c7833 _d7833 |
||